Дело с отчетами о приходе и расходе сумм по Московскому театру

Доступно только в Электронных читальных залах Найти на картеНа карте
RUSMARC
00004011nmc2a22000003x 450
0010826403d-e2a6-45c9-895e-62cb46130ab8
00520181008185140.0
100##$a20161219l18191819k l0rusy0189 ca
1010#$arus
102##$aRU
2001#$aДело с отчетами о приходе и расходе сумм по Московскому театру
$j23 января - 22 декабря 1819 г.
251##$cДело
300##$aДело
300##$aОриг. заголовок дела: Дело по представлению господина управляющего Московским театром о разных предметах. 23 января 1819 г. - 22 декабря 1819 г
801#0$aRU
$bРГИА
$c20161219
$gRCR
801#1$aRU
$bГлавНИВЦ
$c20161219
$2rusmarc
801#2$aRU
$bПБ им. Б.Н. Ельцина
$c20181008
$gRCR
$2rusmarc
850##$aРГИА
852##$aРГИА
$eФедеральное казенное учреждение "Российский государственный исторический архив" (РГИА)
$j1949
937##$hРГИА
$d12237162
$aASBIBLIO_SCAN
462#0$1001dd3991dc-24e1-42ec-8838-ca4255420416
$12001
$a1746-1850 гг.
$1251
$cОпись
$1852
$j1
461#0$10019264ebf8-de62-4f1a-9eb4-9f22098dbbd5
$12001
$aДирекция императорских театров МИДв
$1251
$cФонд
$1852
$j497
215##$a86 л.
$d36,5х26 см
371##$aДокумент не является опубликованным и широко распространяемым
105##$ay###
1222#$ad
5171#$aДело по представлению господина управляющего Московским театром о разных предметах. 23 января 1819 г. - 22 декабря 1819 г
035##$a0826403d-e2a6-45c9-895e-62cb46130ab8
856##$uhttp://readingroom.main.prlib.ru/item.aspx?id_node=n119039150&mode=full
Формат отображения